| 000 | 00456nam a2200205Ia 4500 | ||
|---|---|---|---|
| 005 | 20251020182615.0 | ||
| 008 | 200515s9999 xx 000 0 und d | ||
| 082 | _aSC/691.6/S42/1996 | ||
| 110 | _aSENCICO | ||
| 245 | 0 | _aVidrio : Norma Técnica de Edificaciones E.110 | |
| 250 | _a2a ed. | ||
| 260 | _aLima | ||
| 260 | _c1976 | ||
| 300 | _a27 | ||
| 650 | _aE-110 | ||
| 650 | _aNORMAS | ||
| 650 | _aPUB SENCICO | ||
| 650 | _aVIDRIO | ||
| 942 | _cLIB | ||
| 999 |
_c3459 _d3459 |
||